000 01110cam a22003137a 4500
003 CHAP
005 20220817043640.0
008 000328d1994 ii a r 00010 eng d
010 _a80561
011 _a81533
022 _a1017-9933
035 _a92005
040 _cCHAP
082 0 4 _a631.0913
_bI6
110 _aInternational Crops Research Institute for the Semi-Arid Tropics
245 1 0 _aICRISAT now :
_bsowing for the future
_c/by International Crops Research Institute for the Semi-Arid Tropics
260 _aAndhra Pradesh, India :
_bInternational Crops Research Institute for the Semi-Arid Tropics,
_c1994.
300 _a88 p. :
_bilus.
590 _aBATCH-UPD
_b10
_c20130110
_lUCH01
_h1908
590 _aBATCH-UPD
_b10
_c20130410
_lUCH01
_h1236
590 _aBATCH-UPD
_b10
_c20130914
_lUCH01
_h1132
590 _aCONVERSION
_b10
_c20130109
_lUCH01
_h1345
650 1 4 _aCultivos tropicales.
_930383
650 1 4 _aRegiones áridas
_xAgricultura.
_995670
901 _aBK
905 _aLilia Sánchez G.
942 _cLIBRO
949 _a631.0913 I6
_bBC
_cLIBRO
_d33724000744587
_eLIBRO
_h97096
_i92005
_si
999 _c80561
_d80561